| 000 | 00789cam a2200205 4500 | ||
|---|---|---|---|
| 001 | L136349 | ||
| 008 | 070125n2005 000 0 eng u | ||
| 035 | _a(Sirsi) u136349 | ||
| 041 | 0 | _aeng | |
| 050 | 0 | 4 | _a333.37 $2 18 |
| 110 | 2 |
_aEC Harris _94930 |
|
| 245 | 0 | 0 |
_aEuropean focus _bconstruction in Europe _ba rocky road ahead _h[electronic resource] |
| 260 |
_aLondon _EC Harris _c2005 |
||
| 520 | _aConsiders the prospects for the commercial offices sector and indicates cost guidelines for high rise offices across the world. Graph shows benchmark costs of high rise offices. | ||
| 590 | _aKA | ||
| 651 | 4 | _aEUROPE | |
| 690 | _aPROPERTY-COMMERCIAL PROPERTY-OFFICE PROPERTY | ||
| 856 | 4 | 0 |
_ahttp://www.echarris.com/ _zView the item free of charge at www.echarris.com... |
| 942 | _n0 | ||
| 999 |
_c106372 _d106372 |
||